000 00686nam a2200289Ia 4500
005 20260324133728.0
008 008 260324s9999 xx 000 0 eng d
020 _a9781315082714
037 _aEBOOK
040 _aCRL
040 _beng
040 _cCRL
041 _2eng
041 _aeng
084 _qCRL
100 _aClaes G. Ryn
_91194175
245 0 _aAmerica the Virtuous
245 4 _bThe Crisis of Democracy and the Quest for Empire
260 _bTaylor and Francis
260 _c2003
365 _a
365 _b170
856 _uhttp://www.taylorfrancis.com/books/9781315082714
942 _cEBOOK
999 _c1793529
_d1793529